|
|
|
|
| LEADER |
00667nam a22001697a 4500 |
| 008 |
141220b xxu||||| |||| 00| 0 eng d |
| 082 |
|
|
|a 930.1095483 RAI
|
| 245 |
|
|
|a Regional archives Ernakulam /
|c edited by S. Raimon
|
| 260 |
|
|
|a Thiruvananthapuram :
|b State Archives Department, Government of Kerala,
|c 2006.
|
| 300 |
|
|
|a 96p.
|
| 440 |
|
|
|a Guide to Archives Series - 2
|
| 650 |
|
|
|a Archives
|
| 650 |
|
|
|a Archeology
|
| 700 |
|
|
|a Raimon, S.
|
| 942 |
|
|
|2 ddc
|c BK
|
| 999 |
|
|
|c 9062
|d 9062
|
| 952 |
|
|
|0 0
|1 0
|2 ddc
|4 0
|6 930_109548300000000_RAI
|7 0
|9 12908
|a MAIN
|b MAIN
|d 2014-12-20
|e Kerala State Archives Department
|g 65.00
|l 2
|o 930.1095483 RAI
|p 13098
|r 2019-09-20
|s 2019-08-19
|t 1
|w 2014-12-20
|y BK
|